[Event "Barcelona La Lira op 38th"]
[Site "Barcelona"]
[Date "2020.02.28"]
[Round "7"]
[White "Rueda Marquez, David Juan"]
[Black "Farre Buil, Carles"]
[Result "1-0"]
[WhiteElo "2111"]
[BlackElo "1761"]
[PlyCount "67"]
[EventDate "2020.01.17"]
[EventType "swiss"]
[EventRounds "8"]
[EventCountry "ESP"]
[SourceTitle "CBM 195 Extra"]
[Source "ChessBase"]
[SourceDate "2020.05.31"]
[SourceVersion "1"]
[SourceVersionDate "2020.05.31"]
[SourceQuality "1"]

1. d4 Nf6 2. c4 c5 3. d5 e6 4. Nc3 exd5 5. cxd5 d6 6. e4 g6 7. f4 Bg7 8. Bb5+ Nfd7 9. Nf3 0-0 10. 0-0 a6 11. Bd3 b5 12. f5 c4 13. Bc2 Ne5 14. Be3 Nbd7 15. Qd2 Re8 16. fxg6 hxg6 17. Nxe5 Nxe5 18. h3 Qh4 19. Bg5 Qh5 20. Bd1 Qh8 21. Rf4 Kf8 22. Rh4 Qg8 23. Bc2 f6 24. Rf1 Ke7 25. Be3 g5 26. Rh5 Qf7 27. Rxg5 fxg5 28. Bxg5+ Kf8 29. Rxf7+ Kxf7 30. Bd1 Kg6 31. Ne2 Bxh3 32. Nf4+ Kxg5 33. Ne6+ Kg6 34. Qg5+ 1-0

[Event "Barcelona La Lira op 38th"]
[Site "Barcelona"]
[Date "2020.02.07"]
[Round "4"]
[White "Barbero Sendic, Alejandro"]
[Black "Rueda Marquez, David Juan"]
[Result "1/2-1/2"]
[WhiteElo "2308"]
[BlackElo "2111"]
[PlyCount "101"]
[EventDate "2020.01.17"]
[EventType "swiss"]
[EventRounds "8"]
[EventCountry "ESP"]
[SourceTitle "CBM 195 Extra"]
[Source "ChessBase"]
[SourceDate "2020.05.31"]
[SourceVersion "1"]
[SourceVersionDate "2020.05.31"]
[SourceQuality "1"]

1. e4 Nf6 2. e5 Nd5 3. d4 d6 4. Nf3 g6 5. g3 Bg7 6. Bg2 0-0 7. 0-0 Nc6 8. exd6 cxd6 9. c3 Bd7 10. Re1 Qc8 11. Nbd2 Bg4 12. Qb3 Nc7 13. d5 Ne5 14. Nxe5 Bxe5 15. f4 Bg7 16. Ne4 Bd7 17. Be3 b5 18. Qd1 a5 19. Bd4 Qb7 20. Bxg7 Kxg7 21. Qd4+ Kg8 22. Ng5 Rfe8 23. f5 Qa7 24. Qxa7 Rxa7 25. f6 h6 26. Ne4 Bf5 27. Nf2 Na6 28. Bf1 Nc7 29. Rxe7 Rxe7 30. fxe7 Bd7 31. Re1 f5 32. b3 Kf7 33. c4 bxc4 34. bxc4 Ne8 35. c5 dxc5 36. Nd3 Bc8 37. Ne5+ Kf6 38. Nc6 Rc7 39. Bb5 Bd7 40. a4 Bxc6 41. Bxc6 Rxe7 42. Rc1 Nd6 43. Rxc5 Ra7 44. Rc2 Ke5 45. Rb2 Ne4 46. Rb8 g5 47. Re8+ Kd4 48. Rh8 f4 49. Kg2 Rf7 50. gxf4 gxf4 51. Kf3 1/2-1/2

[Event "Barcelona La Lira op 38th"]
[Site "Barcelona"]
[Date "2020.01.31"]
[Round "3"]
[White "Rueda Marquez, David Juan"]
[Black "Romero Perera, Eugeni"]
[Result "1-0"]
[WhiteElo "2111"]
[BlackElo "1965"]
[PlyCount "57"]
[EventDate "2020.01.17"]
[EventType "swiss"]
[EventRounds "8"]
[EventCountry "ESP"]
[SourceTitle "CBM 195 Extra"]
[Source "ChessBase"]
[SourceDate "2020.05.31"]
[SourceVersion "1"]
[SourceVersionDate "2020.05.31"]
[SourceQuality "1"]

1. d4 d5 2. c4 e5 3. dxe5 d4 4. Nf3 Nc6 5. a3 a5 6. Nbd2 Bg4 7. h3 Be6 8. Qa4 Bd7 9. Qc2 f6 10. exf6 Nxf6 11. Nb3 a4 12. Nbxd4 Bc5 13. Be3 Qe7 14. Nxc6 Bxc6 15. Bxc5 Qxc5 16. e3 Ne4 17. 0-0-0 0-0 18. Rd4 Nf6 19. Bd3 Rad8 20. Rxd8 Rxd8 21. Rd1 Kh8 22. Nd4 Bd7 23. g4 h6 24. Bg6 Rf8 25. f4 Ne8 26. Qc3 Nd6 27. Nf3 Be6 28. Ne5 Nxc4 29. Nxc4 1-0

[Event "Barcelona Sant Marti op-A 20th"]
[Site "Barcelona"]
[Date "2018.07.18"]
[Round "6"]
[White "Rueda Marquez, David Juan"]
[Black "Haak, Eelco"]
[Result "0-1"]
[WhiteElo "2110"]
[BlackElo "2015"]
[PlyCount "86"]
[EventDate "2018.07.13"]
[EventType "swiss"]
[EventRounds "9"]
[EventCountry "ESP"]
[SourceTitle "CBM 185 Extra"]
[Source "ChessBase"]
[SourceDate "2018.07.29"]
[SourceVersion "1"]
[SourceVersionDate "2018.07.29"]
[SourceQuality "1"]

1. b3 Nf6 2. Bb2 g6 3. Nf3 Bg7 4. g3 0-0 5. c4 d6 6. Bg2 e5 7. 0-0 c6 8. d3 h6 9. c5 Re8 10. cxd6 Qxd6 11. Na3 b5 12. Rc1 Bb7 13. Qc2 Nbd7 14. Rfd1 a6 15. d4 e4 16. Ne5 Rac8 17. Nb1 Qe6 18. Nc3 c5 19. Nxd7 cxd4 20. Nxf6+ Bxf6 21. Bxe4 Bxe4 22. Nxe4 Rxc2 23. Nxf6+ Qxf6 24. Rxc2 Qf5 25. Rcd2 Qh5 26. Bxd4 Rxe2 27. Bf6 Rxd2 28. Rxd2 Kh7 29. Rd6 a5 30. Bd4 Qf5 31. Rd8 g5 32. Kg2 Qe4+ 33. Kg1 Kg6 34. Rd6+ Kh7 35. Rd8 g4 36. a4 b4 37. Be3 Qb1+ 38. Kg2 Qxb3 39. h3 gxh3+ 40. Kxh3 Qe6+ 41. Kg2 b3 42. Bd4 f6 43. f4 Qe7 0-1

[Event "Barcelona Sant Marti op-A 20th"]
[Site "Barcelona"]
[Date "2018.07.17"]
[Round "5"]
[White "Anadkat, Kartavya"]
[Black "Rueda Marquez, David Juan"]
[Result "1-0"]
[WhiteElo "1910"]
[BlackElo "2110"]
[PlyCount "83"]
[EventDate "2018.07.13"]
[EventType "swiss"]
[EventRounds "9"]
[EventCountry "ESP"]
[SourceTitle "CBM 185 Extra"]
[Source "ChessBase"]
[SourceDate "2018.07.29"]
[SourceVersion "1"]
[SourceVersionDate "2018.07.29"]
[SourceQuality "1"]

1. e4 Nf6 2. Nc3 d5 3. e5 Nfd7 4. d4 c5 5. dxc5 e6 6. f4 Nc6 7. Nf3 Bxc5 8. Bd3 a6 9. a3 b5 10. b4 Ba7 11. Qe2 Nd4 12. Nxd4 Bxd4 13. Bb2 Bb7 14. Rb1 0-0 15. Bxh7+ Kxh7 16. Qd3+ g6 17. Qxd4 Qh4+ 18. Qf2 Qxf2+ 19. Kxf2 Rac8 20. Rhc1 f6 21. exf6 Nxf6 22. Ne2 Ne4+ 23. Ke3 Nd6 24. Kd3 d4 25. Bxd4 Be4+ 26. Ke3 Bxc2 27. Ra1 Nc4+ 28. Kf2 Bd3 29. Rc3 Bxe2 30. Kxe2 e5 31. Rh3+ Kg8 32. fxe5 Rf4 33. Rd1 Re8 34. Ba1 Rf5 35. Rd5 Nxe5 36. Re3 Rf2+ 37. Ke1 Rxg2 38. Bxe5 Rxh2 39. Rd7 Rh1+ 40. Kd2 Re6 41. Rc3 Rf1 42. Rc8+ 1-0

[Event "Barcelona Sant Marti op-A 20th"]
[Site "Barcelona"]
[Date "2018.07.13"]
[Round "1"]
[White "Kavisha, S Shah"]
[Black "Rueda Marquez, David Juan"]
[Result "1-0"]
[WhiteElo "1723"]
[BlackElo "2110"]
[PlyCount "89"]
[EventDate "2018.07.13"]
[EventType "swiss"]
[EventRounds "9"]
[EventCountry "ESP"]
[SourceTitle "CBM 185 Extra"]
[Source "ChessBase"]
[SourceDate "2018.07.29"]
[SourceVersion "1"]
[SourceVersionDate "2018.07.29"]
[SourceQuality "1"]

1. e4 g6 2. d4 Bg7 3. Nf3 c6 4. Be2 d5 5. e5 f6 6. 0-0 Bg4 7. Nbd2 Nd7 8. exf6 exf6 9. Re1 Ne7 10. Nh4 Bxe2 11. Qxe2 Nb6 12. Nb3 Kf7 13. Nc5 Re8 14. Qe6+ Kf8 15. Nxb7 Qc8 16. Qxc8 Rexc8 17. b3 Rcb8 18. Na5 Nbc8 19. Ba3 Rb6 20. Bc5 f5 21. c3 Rab8 22. Nf3 Ra6 23. b4 Bf6 24. Re6 Kf7 25. Rae1 Rb5 26. R6e3 f4 27. Ne5+ Kg7 28. R3e2 h5 29. h3 Bh4 30. Nd3 f3 31. gxf3 Nf5 32. Nf4 Bf6 33. Re8 Ncd6 34. Ra8 Kf7 35. a4 Rxc5 36. dxc5 Nc4 37. Nxc4 dxc4 38. b5 Bxc3 39. bxa6 Bxe1 40. Rxa7+ Kf6 41. Ne2 Nh4 42. Rd7 Nxf3+ 43. Kf1 Bb4 44. a7 Bxc5 45. a8Q 1-0

[Event "Barbera del Valles op 41st"]
[Site "Barbera del Valles"]
[Date "2018.07.12"]
[Round "9"]
[White "Serrano Campos, Juan Antoni"]
[Black "Rueda Marquez, David Juan"]
[Result "0-1"]
[WhiteElo "1958"]
[BlackElo "2110"]
[PlyCount "102"]
[EventDate "2018.07.04"]
[EventType "swiss"]
[EventRounds "9"]
[EventCountry "ESP"]
[SourceTitle "CBM 185 Extra"]
[Source "ChessBase"]
[SourceDate "2018.07.29"]
[SourceVersion "1"]
[SourceVersionDate "2018.07.29"]
[SourceQuality "1"]

1. d4 d6 2. Bf4 g6 3. Nf3 Bg7 4. e3 Nd7 5. h3 c5 6. c3 b6 7. Be2 Bb7 8. 0-0 Ngf6 9. Bh2 0-0 10. a4 a6 11. Nbd2 Ra7 12. Qb3 Qa8 13. c4 Rb8 14. Qa3 h6 15. d5 Nf8 16. e4 e5 17. Ne1 g5 18. g3 Bc8 19. Kg2 Ng6 20. g4 Bd7 21. Bg3 Rbb7 22. b4 Qc8 23. f3 Be8 24. Nc2 Nf4+ 25. Bxf4 exf4 26. Rab1 Nd7 27. Ne1 cxb4 28. Qxb4 a5 29. Qa3 Nc5 30. Bd1 Bd7 31. Nd3 Qe8 32. Nxc5 bxc5 33. Rb5 Bd4 34. Re1 Qe5 35. Qb3 Bc8 36. Be2 Bc3 37. Rd1 Bb4 38. Nb1 f5 39. gxf5 Bxf5 40. Na3 Bd7 41. Rxb7 Rxb7 42. Nb5 Bc8 43. Rb1 Rg7 44. Qb2 Qe7 45. Kh2 h5 46. Rg1 g4 47. Bf1 Qh4 48. Qg2 Be1 49. Nxd6 Bg3+ 50. Kh1 gxf3 51. Qxf3 Bxh3 0-1

[Event "Barbera del Valles op 41st"]
[Site "Barbera del Valles"]
[Date "2018.07.10"]
[Round "7"]
[White "Jijo, Joy"]
[Black "Rueda Marquez, David Juan"]
[Result "1-0"]
[WhiteElo "1969"]
[BlackElo "2110"]
[PlyCount "99"]
[EventDate "2018.07.04"]
[EventType "swiss"]
[EventRounds "9"]
[EventCountry "ESP"]
[SourceTitle "CBM 185 Extra"]
[Source "ChessBase"]
[SourceDate "2018.07.29"]
[SourceVersion "1"]
[SourceVersionDate "2018.07.29"]
[SourceQuality "1"]

1. e4 d5 2. exd5 Nf6 3. d4 g6 4. Nf3 Nxd5 5. c4 Nf6 6. Nc3 Bg7 7. Be2 0-0 8. 0-0 c6 9. Bf4 Na6 10. Qd2 Bf5 11. Bh6 Nc7 12. Bxg7 Kxg7 13. Rfd1 Qd6 14. Rac1 Rad8 15. h3 c5 16. d5 Bc8 17. Qe3 Rfe8 18. Ng5 b6 19. Nge4 Qd7 20. Qd3 Nxe4 21. Nxe4 f6 22. Qc3 e5 23. f4 Qf5 24. Nf2 Qxf4 25. Qa3 a6 26. Qb3 Rd6 27. g3 Qh6 28. Ne4 Red8 29. Nxd6 Rxd6 30. g4 Qg5 31. Qg3 Qf4 32. Qxf4 exf4 33. Rf1 g5 34. Bd3 f5 35. Rce1 Kf6 36. Bxf5 Bxf5 37. gxf5 Rd7 38. Re4 Kxf5 39. Rfe1 Kf6 40. Kf2 b5 41. b3 a5 42. Kf3 a4 43. h4 h6 44. Re5 axb3 45. axb3 bxc4 46. bxc4 Rd6 47. hxg5+ hxg5 48. Kg4 Kg6 49. Rxg5+ Kh6 50. Rh1# 1-0

[Event "Barbera del Valles op 41st"]
[Site "Barbera del Valles"]
[Date "2018.07.09"]
[Round "6"]
[White "Rueda Marquez, David Juan"]
[Black "Diaz Rubi, Felipe"]
[Result "0-1"]
[WhiteElo "2110"]
[BlackElo "1851"]
[PlyCount "48"]
[EventDate "2018.07.04"]
[EventType "swiss"]
[EventRounds "9"]
[EventCountry "ESP"]
[SourceTitle "CBM 185 Extra"]
[Source "ChessBase"]
[SourceDate "2018.07.29"]
[SourceVersion "1"]
[SourceVersionDate "2018.07.29"]
[SourceQuality "1"]

1. d4 Nf6 2. c4 e5 3. dxe5 Ng4 4. Nf3 Nc6 5. Nc3 Ngxe5 6. Nxe5 Nxe5 7. e4 Bb4 8. Be2 Bxc3+ 9. bxc3 0-0 10. 0-0 d6 11. f4 Nd7 12. Be3 b6 13. Bd3 Qe7 14. Qc2 Nc5 15. Bxc5 dxc5 16. Rae1 Bb7 17. e5 h6 18. Re3 Rad8 19. f5 f6 20. e6 Rd6 21. Rf4 g5 22. fxg6 Rxe6 23. g7 Rxe3 24. Bh7+ Kxg7 0-1

[Event "Barbera del Valles op 41st"]
[Site "Barbera del Valles"]
[Date "2018.07.06"]
[Round "3"]
[White "Molano Lafuente, Ismael"]
[Black "Rueda Marquez, David Juan"]
[Result "1/2-1/2"]
[WhiteElo "2003"]
[BlackElo "2110"]
[PlyCount "85"]
[EventDate "2018.07.04"]
[EventType "swiss"]
[EventRounds "9"]
[EventCountry "ESP"]
[SourceTitle "CBM 185 Extra"]
[Source "ChessBase"]
[SourceDate "2018.07.29"]
[SourceVersion "1"]
[SourceVersionDate "2018.07.29"]
[SourceQuality "1"]

1. c3 Nf6 2. g3 d5 3. Bg2 e5 4. d4 e4 5. f3 Bd6 6. Nh3 exf3 7. exf3 0-0 8. 0-0 Bf5 9. Bg5 Nbd7 10. Re1 c6 11. Nd2 Qc7 12. Nf1 Rfe8 13. Qd2 a5 14. Bf4 a4 15. a3 Nb6 16. Ne3 Nc4 17. Nxc4 dxc4 18. Bxd6 Qxd6 19. Qf4 Qxf4 20. Nxf4 g5 21. Nh3 h6 22. Nf2 Bc2 23. Ne4 Nxe4 24. fxe4 Ra5 25. Rac1 Bd3 26. Rcd1 Rb5 27. Rd2 f5 28. e5 Kf7 29. Bf1 Bxf1 30. Kxf1 Ke6 31. Kf2 Rd8 32. Ke3 c5 33. Rc1 Rb3 34. Rcc2 cxd4+ 35. Rxd4 Rd5 36. Rxc4 Rxe5+ 37. Kd2 Re4 38. Kd3 Kd5 39. Rc8 Rb6 40. Rf2 Rf6 41. Rd2 Rb6 42. Rf2 Rf6 43. Rd2 1/2-1/2

[Event "Montcada op-A 26th"]
[Site "Montcada"]
[Date "2018.06.30"]
[Round "6"]
[White "Rueda Marquez, David Juan"]
[Black "Uribe Arteaga, Daniel"]
[Result "1-0"]
[WhiteElo "2086"]
[BlackElo "2273"]
[PlyCount "101"]
[EventDate "2018.06.25"]
[EventType "swiss"]
[EventRounds "9"]
[EventCountry "ESP"]
[SourceTitle "CBM 185 Extra"]
[Source "ChessBase"]
[SourceDate "2018.07.29"]
[SourceVersion "1"]
[SourceVersionDate "2018.07.29"]
[SourceQuality "1"]

1. c4 e5 2. Nc3 Nf6 3. g3 c6 4. Bg2 d5 5. cxd5 cxd5 6. Qb3 d4 7. Bxb7 Bxb7 8. Qxb7 Nbd7 9. Nd5 Nxd5 10. Qxd5 Be7 11. Nf3 Bf6 12. b3 0-0 13. Ba3 Re8 14. Rc1 Nb6 15. Qxd8 Raxd8 16. d3 e4 17. dxe4 Rxe4 18. Kd2 g5 19. Kd3 Rde8 20. Bc5 Nd5 21. a3 a6 22. Bxd4 Rxe2 23. Rhe1 Rxe1 24. Rxe1 Rd8 25. Bxf6 Nxf6+ 26. Kc4 Rc8+ 27. Kb4 h6 28. Ka5 Rc6 29. h3 Nd5 30. Re5 Nc7 31. Nd4 Rf6 32. Nf5 h5 33. g4 hxg4 34. hxg4 Kh7 35. Re7 Nd5 36. Ra7 Rc6 37. Rxf7+ Kh8 38. Ne7 Rc7 39. Ng6+ Kg8 40. Rxc7 Nxc7 41. Kb6 Nb5 42. a4 Nd4 43. b4 Nc2 44. Kxa6 Nxb4+ 45. Kb5 Nd5 46. a5 Kf7 47. Ne5+ Ke6 48. Nf3 Nf6 49. a6 Kd7 50. a7 Nd5 51. Nxg5 1-0

[Event "Montcada op-A 26th"]
[Site "Montcada"]
[Date "2018.06.27"]
[Round "3"]
[White "Martinez Fernandez, Adrian"]
[Black "Rueda Marquez, David Juan"]
[Result "1-0"]
[WhiteElo "2381"]
[BlackElo "2086"]
[PlyCount "57"]
[EventDate "2018.06.25"]
[EventType "swiss"]
[EventRounds "9"]
[EventCountry "ESP"]
[SourceTitle "CBM 185 Extra"]
[Source "ChessBase"]
[SourceDate "2018.07.29"]
[SourceVersion "1"]
[SourceVersionDate "2018.07.29"]
[SourceQuality "1"]

1. e4 d6 2. d4 g6 3. Be3 Bg7 4. Qd2 Nd7 5. f3 a6 6. h4 h6 7. Ne2 b5 8. Ng3 Bb7 9. a4 e5 10. axb5 axb5 11. Rxa8 Qxa8 12. Bxb5 Qa1 13. 0-0 Qxb2 14. Nc3 c6 15. Rb1 Qa3 16. Ba4 Ba8 17. d5 Ne7 18. Rb3 Qa1+ 19. Kh2 Bf8 20. Rb1 Qa3 21. Qe1 f5 22. Rb3 Qxb3 23. Bxb3 f4 24. Qa1 fxg3+ 25. Kxg3 Bb7 26. Qa7 Bc8 27. dxc6 Nxc6 28. Qc7 Ne7 29. Nb5 1-0

[Event "Barcelona Primavera La Lira op 11th"]
[Site "Barcelona"]
[Date "2018.06.07"]
[Round "9"]
[White "Garcia Gil, Javier"]
[Black "Rueda Marquez, David Juan"]
[Result "0-1"]
[WhiteElo "2133"]
[BlackElo "2075"]
[PlyCount "136"]
[EventDate "2018.04.12"]
[EventType "swiss"]
[EventRounds "9"]
[EventCountry "ESP"]
[SourceTitle "CBM 184 Extra"]
[Source "ChessBase"]
[SourceDate "2018.06.28"]
[SourceVersion "1"]
[SourceVersionDate "2018.06.28"]
[SourceQuality "1"]

1. d4 g6 2. e4 Bg7 3. Nf3 d6 4. Nc3 Nd7 5. Be3 c5 6. d5 Bxc3+ 7. bxc3 Ngf6 8. Nd2 Qa5 9. Bd3 Qxc3 10. 0-0 Ne5 11. Be2 0-0 12. h3 Bd7 13. Bh6 Ba4 14. Rc1 b5 15. Bxf8 Kxf8 16. f4 Nc4 17. Nxc4 bxc4 18. Rf3 Qb2 19. Re3 Qd4 20. Qxd4 cxd4 21. Ra3 Nxe4 22. Bxc4 Nc3 23. Kf2 Rb8 24. Bb3 Bxb3 25. axb3 Nxd5 26. Rxa7 d3 27. cxd3 Rxb3 28. d4 Rd3 29. Rc4 Kg7 30. g3 Kf6 31. Ra1 Nb6 32. Rb4 Nd5 33. Rc4 Nc3 34. Re1 d5 35. Rc6+ e6 36. Kg2 Ne4 37. g4 Rxd4 38. Re2 Rd3 39. Rxe4 dxe4 40. Rc4 Re3 41. Kf2 Rxh3 42. Rxe4 h5 43. gxh5 Rxh5 44. Kg3 Ra5 45. Kg4 g5 46. Rb4 gxf4 47. Kxf4 Rf5+ 48. Kg4 Rg5+ 49. Kf4 e5+ 50. Kf3 Kf5 51. Ra4 e4+ 52. Kf2 Kf4 53. Ra3 f5 54. Ra4 Rg3 55. Rb4 Ra3 56. Rb2 Rh3 57. Kg2 Rg3+ 58. Kf2 e3+ 59. Kf1 Kf3 60. Rf2+ Ke4 61. Ra2 f4 62. Ra4+ Kf3 63. Ra3 Rg2 64. Rb3 Ra2 65. Rb1 Rf2+ 66. Kg1 Rd2 67. Rf1+ Kg3 68. Ra1 f3 0-1

[Event "Barcelona Primavera La Lira op 11th"]
[Site "Barcelona"]
[Date "2018.05.31"]
[Round "8"]
[White "Rueda Marquez, David Juan"]
[Black "Sanchez Marin, Joan"]
[Result "1-0"]
[WhiteElo "2075"]
[BlackElo "1977"]
[PlyCount "101"]
[EventDate "2018.04.12"]
[EventType "swiss"]
[EventRounds "9"]
[EventCountry "ESP"]
[SourceTitle "CBM 184 Extra"]
[Source "ChessBase"]
[SourceDate "2018.06.28"]
[SourceVersion "1"]
[SourceVersionDate "2018.06.28"]
[SourceQuality "1"]

1. f4 e5 2. fxe5 d6 3. Nf3 Bg4 4. d4 Nc6 5. Bf4 Bxf3 6. exf3 dxe5 7. dxe5 Qe7 8. Nd2 0-0-0 9. Bc4 Rd4 10. g3 Nxe5 11. Bxe5 Qxe5+ 12. Qe2 Qxe2+ 13. Bxe2 Nf6 14. 0-0-0 g6 15. Nb3 Rxd1+ 16. Rxd1 h5 17. Bc4 Bh6+ 18. f4 Rf8 19. Re1 h4 20. Re7 hxg3 21. hxg3 Nh5 22. Rxf7 Nxg3 23. Rxf8+ Bxf8 24. Kd2 Nh5 25. f5 g5 26. Ke3 Bd6 27. Nd4 g4 28. Ne6 Nf6 29. Ng5 g3 30. Kf3 Kd7 31. Nf7 Ne4 32. Bd3 Nd2+ 33. Kg2 Bf4 34. Nh8 Be5 35. Ng6 Bxb2 36. Kxg3 Nb1 37. Kg4 Nc3 38. Ne5+ Ke7 39. Kg5 Nd5 40. Ng6+ Ke8 41. Bc4 Bf6+ 42. Kh6 Ne3 43. Bd3 Kf7 44. Nf4 Be5 45. Kg5 Bf6+ 46. Kh5 c5 47. Be4 b5 48. Ne6 Be7 49. Nc7 b4 50. Nd5 Bd6 51. Nxe3 1-0

[Event "Barcelona Primavera La Lira op 11th"]
[Site "Barcelona"]
[Date "2018.04.19"]
[Round "2"]
[White "Rueda Marquez, David Juan"]
[Black "Mateu Farre, Josep Maria"]
[Result "1-0"]
[WhiteElo "2075"]
[BlackElo "1861"]
[PlyCount "46"]
[EventDate "2018.04.12"]
[EventType "swiss"]
[EventRounds "9"]
[EventCountry "ESP"]
[SourceTitle "CBM 184 Extra"]
[Source "ChessBase"]
[SourceDate "2018.06.28"]
[SourceVersion "1"]
[SourceVersionDate "2018.06.28"]
[SourceQuality "1"]

1. Nf3 d5 2. c4 e6 3. b3 Nf6 4. Bb2 Be7 5. e3 c5 6. cxd5 exd5 7. Bb5+ Nc6 8. Ne5 Qb6 9. Nc3 d4 10. Bxc6+ bxc6 11. Na4 Qc7 12. exd4 cxd4 13. Bxd4 c5 14. Rc1 Ba6 15. Nxc5 Bxc5 16. Rxc5 Qd6 17. Be3 0-0 18. Rc6 Qa3 19. d3 Bb7 20. Rxf6 gxf6 21. Qg4+ Kh8 22. Bh6 Qc1+ 23. Bxc1 fxe5 1-0

[Event "Barcelona Primavera La Lira op 11th"]
[Site "Barcelona"]
[Date "2018.04.12"]
[Round "1"]
[White "Romero Funieles, Rafael de Jesus"]
[Black "Rueda Marquez, David Juan"]
[Result "0-1"]
[WhiteElo "1755"]
[BlackElo "2075"]
[PlyCount "122"]
[EventDate "2018.04.12"]
[EventType "swiss"]
[EventRounds "9"]
[EventCountry "ESP"]
[SourceTitle "CBM 184 Extra"]
[Source "ChessBase"]
[SourceDate "2018.06.28"]
[SourceVersion "1"]
[SourceVersionDate "2018.06.28"]
[SourceQuality "1"]

1. e4 e6 2. c4 c5 3. Nf3 Nc6 4. Nc3 Nf6 5. e5 Ng4 6. Qe2 Qc7 7. Nb5 Qb8 8. Nd6+ Bxd6 9. exd6 Qxd6 10. h3 Nge5 11. Nxe5 Qxe5 12. Qxe5 Nxe5 13. Be2 f6 14. 0-0 Nc6 15. Bh5+ g6 16. Bd1 b6 17. d3 Bb7 18. Bh6 Kf7 19. h4 Nd4 20. Be3 Nf5 21. h5 Rag8 22. Kh2 Ke7 23. h6 g5 24. a4 Rg6 25. a5 Rxh6+ 26. Kg1 Nh4 27. f3 Nf5 28. Bf2 Rg6 29. axb6 axb6 30. Ra7 Rb8 31. b4 d6 32. bxc5 dxc5 33. Ba4 Kd6 34. Rb1 Kc7 35. Bc2 Rg7 36. d4 Nxd4 37. Bg3+ e5 38. Bd3 Ra8 39. Rba1 Rxa7 40. Rxa7 Kb8 41. Ra3 Bc6 42. Bf2 Kb7 43. Kh2 h5 44. Ra2 Rd7 45. Bg6 h4 46. Bh5 Rh7 47. Bg6 Rg7 48. Bd3 Ne6 49. Rb2 Nf4 50. Bf5 Kc7 51. Ra2 Bb7 52. Ra7 Kb8 53. Ra3 Ne2 54. Rd3 Nd4 55. Bg4 Bc8 56. Bh5 Be6 57. Rc3 Ra7 58. Be8 Ra2 59. Be3 Nxf3+ 60. Kh1 Ne1 61. Rb3 Kc7 0-1

[Event "Barcelona Sant Marti op-A 18th"]
[Site "Barcelona"]
[Date "2016.07.18"]
[Round "6"]
[White "Ramirez Garcia, Jorge Alberto"]
[Black "Rueda Marquez, David Juan"]
[Result "1/2-1/2"]
[WhiteElo "2264"]
[BlackElo "2066"]
[PlyCount "72"]
[EventDate "2016.07.13"]
[EventType "swiss"]
[EventRounds "9"]
[EventCountry "ESP"]
[SourceTitle "CBM 173 Extra"]
[Source "ChessBase"]
[SourceDate "2016.08.29"]
[SourceVersion "1"]
[SourceVersionDate "2016.08.29"]
[SourceQuality "1"]

1. e3 Nf6 2. Nf3 g6 3. d4 Bg7 4. b4 d5 5. c4 c6 6. Nc3 Nbd7 7. Bb2 0-0 8. Be2 dxc4 9. 0-0 Nd5 10. Bxc4 N7b6 11. Bxd5 cxd5 12. Na4 Nc4 13. Nd2 Bf5 14. Nxc4 dxc4 15. Re1 e5 16. e4 exd4 17. exf5 c3 18. fxg6 hxg6 19. Bxc3 dxc3 20. Rc1 Rc8 21. Qb3 Re8 22. Red1 Qe7 23. g3 c2 24. Rxc2 Rxc2 25. Qxc2 Qxb4 26. Qb3 Re1+ 27. Rxe1 Qxe1+ 28. Kg2 Qe4+ 29. Kh3 b6 30. Nb2 g5 31. f3 g4+ 32. fxg4 Qh7+ 33. Kg2 Qe4+ 34. Kh3 Qh7+ 35. Kg2 Qe4+ 36. Kh3 Qh7+ 1/2-1/2

[Event "Barcelona Sant Marti op-A 18th"]
[Site "Barcelona"]
[Date "2016.07.17"]
[Round "5"]
[White "Rueda Marquez, David Juan"]
[Black "Molano Lafuente, Ismael"]
[Result "1-0"]
[WhiteElo "2066"]
[BlackElo "1940"]
[PlyCount "165"]
[EventDate "2016.07.13"]
[EventType "swiss"]
[EventRounds "9"]
[EventCountry "ESP"]
[SourceTitle "CBM 173 Extra"]
[Source "ChessBase"]
[SourceDate "2016.08.29"]
[SourceVersion "1"]
[SourceVersionDate "2016.08.29"]
[SourceQuality "1"]

1. e4 e5 2. Nf3 Nc6 3. Bb5 Nf6 4. Nc3 Bc5 5. 0-0 0-0 6. Nxe5 Bd4 7. Nxc6 dxc6 8. Be2 Bxc3 9. dxc3 Qxd1 10. Rxd1 Nxe4 11. Bf4 Bf5 12. Bxc7 Nc5 13. Rd2 Rfe8 14. f3 Na4 15. Rb1 Re7 16. Bf4 Rae8 17. Kf2 Rd7 18. Rxd7 Bxd7 19. Be3 c5 20. c4 Bc6 21. Bd3 a6 22. b3 Nc3 23. Ra1 b5 24. Bxc5 bxc4 25. Bxc4 Bb5 26. Re1 Rc8 27. Bxb5 axb5 28. a3 f6 29. Bd4 Nd5 30. Re2 Kf7 31. Ke1 Nf4 32. Rd2 Re8+ 33. Kd1 Rd8 34. g3 Ne6 35. Bb2 Rb8 36. Kc1 Ng5 37. Rd3 Ke6 38. h4 Nf7 39. Bc3 Nd6 40. g4 h5 41. Bd2 Rh8 42. Bf4 Nf7 43. Bg3 g5 44. gxh5 Rxh5 45. hxg5 Rxg5 46. Bf4 Rf5 47. Bb8 Rh5 48. Kb2 Rh8 49. Bf4 Rh4 50. Bc7 Rh5 51. a4 bxa4 52. bxa4 Rc5 53. Bb6 Rc6 54. a5 Ne5 55. Rb3 Nc4+ 56. Ka2 Nxa5 57. Bxa5 Rxc2+ 58. Kb1 Rc4 59. Rc3 Ra4 60. Bc7 Kf5 61. Kc2 Kg5 62. Kd3 f5 63. f4+ Kg4 64. Rc4 Ra3+ 65. Kd4 Ra1 66. Ke5 Re1+ 67. Kf6 Ra1 68. Rc6 Ra8 69. Be5 Rf8+ 70. Kg7 Ra8 71. Rg6+ Kf3 72. Rf6 Ke4 73. Rf7 Ra6 74. Bb8 Re6 75. Rf6 Re8 76. Bd6 Ra8 77. Kg6 Rg8+ 78. Kf7 Rh8 79. Kg7 Rh1 80. Re6+ Kf3 81. Kg6 Kg4 82. Rf6 Rh5 83. Be5 1-0

[Event "Sant Adria de Besos op 12th"]
[Site "Sant Adria de Besos"]
[Date "2016.06.12"]
[Round "8"]
[White "Rueda Marquez, David Juan"]
[Black "Rivas Peix, Raul"]
[Result "1/2-1/2"]
[WhiteElo "2243"]
[BlackElo "2016"]
[PlyCount "29"]
[EventDate "2016.04.10"]
[EventType "swiss"]
[EventRounds "9"]
[EventCountry "ESP"]
[SourceTitle "EXT 2017"]
[Source "ChessBase"]
[SourceDate "2016.10.25"]
[SourceVersion "1"]
[SourceVersionDate "2016.10.25"]
[SourceQuality "1"]

1. d4 Nf6 2. c4 e5 3. dxe5 Ng4 4. Bf4 Nc6 5. Nf3 Bb4+ 6. Nbd2 Qe7 7. e3 Ngxe5 8. Nxe5 Nxe5 9. a3 Bxd2+ 10. Qxd2 d6 11. Be2 0-0 12. 0-0 b6 13. b4 Bb7 14. Rfd1 Rad8 15. Qc3 1/2-1/2